|
|
|
|
| LEADER |
01228nam a2200289 a 4500 |
| 001 |
4177 |
| 003 |
BD-DhAAL |
| 008 |
090504s1989 enka b 001 0 eng d |
| 999 |
|
|
|c 355
|d 355
|
| 010 |
|
|
|a 88031253
|
| 020 |
|
|
|a 0192616692 :
|c £15.00 (U.K. : est.) ($22.50 U.S.)
|
| 020 |
|
|
|a 0192618660 (pbk.)
|
| 040 |
|
|
|a DNLM/DLC
|c DLC
|d DLC
|d BD-DhAAL
|
| 082 |
0 |
0 |
|a 616.39
|2 19
|
| 100 |
1 |
|
|a Hetzel, Basil S.,
|d 1922-
|9 41738
|
| 245 |
1 |
4 |
|a The story of iodine deficiency :
|b an international challenge in nutrition /
|c Basil S. Hetzel.
|
| 260 |
|
|
|a Oxford ;
|a New York :
|b Oxford University Press,
|c 1989.
|
| 300 |
|
|
|a xii, 236 pages :
|b illustrations ;
|c 23 cm.
|
| 490 |
0 |
|
|a Oxford medical publications
|
| 504 |
|
|
|a Includes bibliographical references and index.
|
| 541 |
1 |
|
|e 4177
|
| 650 |
|
0 |
|a Iodine deficiency diseases
|x Prevention.
|9 41739
|
| 650 |
|
2 |
|a Iodine
|x deficiency.
|9 41740
|
| 650 |
|
2 |
|a Nutrition Disorders
|x prevention & control.
|9 41741
|
| 852 |
|
|
|a Ayesha Abed Library
|c General Stacks
|
| 942 |
|
|
|2 ddc
|c BK
|
| 952 |
|
|
|0 0
|1 0
|2 ddc
|4 0
|6 616_390000000000000_HET_1989
|7 0
|9 321
|a BRACUL
|b BRACUL
|c GEN
|d 2009-05-04
|g 0.00
|l 1
|m 15
|o 616.39 HET
|p 3010004177
|r 2022-03-09
|s 2020-03-08
|t 1
|w 2009-05-04
|y BK
|x No price found in the accession register.
|